| 000 -LEADER |
| fixed length control field |
00492nam a2200181Ia 4500 |
| 008 - FIXED-LENGTH DATA ELEMENTS--GENERAL INFORMATION |
| fixed length control field |
200103s 2005 ||||xx |||||||||||||| ||und|| |
| 082 ## - DEWEY DECIMAL CLASSIFICATION NUMBER |
| Classification number |
623.8503 |
| Item number |
GOK |
| 100 ## - MAIN ENTRY--PERSONAL NAME |
| Personal name |
Gokhale, Vikram |
| 245 #0 - TITLE STATEMENT |
| Title |
Marine electrotechnology and electronics |
| 260 ## - PUBLICATION, DISTRIBUTION, ETC. (IMPRINT) |
| Place of publication, distribution, etc |
Mumbai |
| Name of publisher, distributor, etc |
Wallem Shipmanagement Ltd. |
| Date of publication, distribution, etc |
2005 |
| 300 ## - PHYSICAL DESCRIPTION |
| Extent |
283 p.: ill. |
| 440 ## - SERIES STATEMENT/ADDED ENTRY--TITLE |
| Title |
NG |
| 650 ## - SUBJECT ADDED ENTRY--TOPICAL TERM |
| Topical term or geographic name as entry element |
Magnetism |
| 650 ## - SUBJECT ADDED ENTRY--TOPICAL TERM |
| Topical term or geographic name as entry element |
Electromagnetism |
| 650 ## - SUBJECT ADDED ENTRY--TOPICAL TERM |
| Topical term or geographic name as entry element |
Navigation Lighting |
| 700 ## - ADDED ENTRY--PERSONAL NAME |
| Personal name |
Nanda, N. |
| Relator term |
Co-author |
| 942 ## - ADDED ENTRY ELEMENTS (KOHA) |
| Item type |
Books |